Yoga and diet therapy for psychological and life style disorders (Record no. 396219)

MARC details
000 -LEADER
fixed length control field 00683 a2200253 4500
005 - DATE & TIME
control field 20260317125419.0
008 - FIXED-LENGTH DATA ELEMENTS--GENERAL INFORMATION
fixed length control field 260317b |||||||| |||| 00| 0 eng d
020 ## - ISBN
International Standard Book Number 9789393405678
Price Rs. 1995.00
040 ## - CATALOGING SOURCE
Original cataloging agency VIVEKANANDA LIBRARY
082 ## - DDC NUMBER
Classification number 613.7046
Book Number D642Y
100 ## - MAIN ENTRY--PERSONAL NAME
Personal name Diwakar Singh
245 ## - TITLE STATEMENT
Title Yoga and diet therapy for psychological and life style disorders
260 ## - PUBLICATION, DISTRIBUTION, ETC. (IMPRINT)
Name of publisher, distributor, etc Agri-Biovet Press
Date of publication, distribution, etc 2026
Place of publication, distribution, etc New Delhi
300 ## - PHYSICAL DESCRIPTION
Pages xxiii, 317
650 ## - Subject
Subject Yoga
650 ## - Subject
Subject Personal Health
650 ## - Subject
Subject Physical Health
700 ## - Added Entry Personal Name
Added Entry Personal Name Narayan, Deo
700 ## - Added Entry Personal Name
Added Entry Personal Name Niyogi, Debasish
700 ## - Added Entry Personal Name
Added Entry Personal Name Mehta, Reetu
700 ## - Added Entry Personal Name
Added Entry Personal Name Mishra, Ragini
700 ## - Added Entry Personal Name
Added Entry Personal Name Singh, Pratibha
942 ## - ADDED ENTRY ELEMENTS (KOHA)
Koha item type Books
Holdings
Withdrawn status Lost status Source of classification or shelving scheme Damaged status Not for loan Location (home branch) Sublocation or collection (holding branch) Shelving location Date acquired Koha issues (times borrowed) Koha full call number Accession No. Koha date last seen Koha item type
    Dewey Decimal Classification     VIVEKANANDA LIBRARY VIVEKANANDA LIBRARY Vivekananda Library 11/02/2026   613.7046 D642Y 438286 11/02/2026 Books
© Designed and Maintained by Vivekananda Library, MDU Rohtak